Fani Ki Shairi (Record no. 1149)

MARC details
000 -LEADER
fixed length control field 00572nam a2200241 a 4500
020 ## - INTERNATIONAL STANDARD BOOK NUMBER
ISBN
082 00 - DEWEY DECIMAL CLASSIFICATION NUMBER
Classification number 891.41
Author Cutter SID
100 ## - MAIN ENTRY--AUTHOR NAME
Author name Siddiqi, Zahir Ahmed
245 ## - TITLE STATEMENT
Title Fani Ki Shairi
260 ## - PUBLICATION, DISTRIBUTION, ETC. (IMPRINT)
Place of publication Lucknow
Name of publisher Naseem Book Depo
Year of publication 1969
300 ## - PHYSICAL DESCRIPTION
Number of Pages 237p
500 ## - GENERAL NOTE
General note includes index and biblioraphy
505 2# - FORMATTED CONTENTS NOTE
Formatted contents note Index
650 ## - SUBJECT ADDED ENTRY--TOPICAL TERM
Topical Term Urdu-Poetry-faani
942 ## - ADDED ENTRY ELEMENTS (KOHA)
Koha item type Books
700 1# -
-- Siddiqi, Zahir Ahmed
Holdings
Collection code Home library Current library Date acquired Cost, normal purchase price Full call number Accession Number Koha item type
  Henry Martyn Institute Library Henry Martyn Institute Library 06/21/2007 4.50 891.41 SID 03873 Books
                   Copyright © 2026 | Henry Martyn Institute | Hyderabad | TS-500052 | INDIA | Implemented by hmi.edu.in
Hit-Count:

Powered by Koha